000 00344 a2200157 4500
001 70647
020 _a8526228765
040 _cAnchieta - Itaigara
240 1 0 _aEdison e a lâmpada elétrica
_lpor
245 1 0 _aEdison e a lâmpada elétrica
300 _a32
362 0 _a1996
440 1 _aScipione
650 4 _aCientistas
942 _cBK
999 _c70647
_d70647